000
00282nam a22001217a 4500
003
OSt
005
20260119151913.0
008
260119b |||||||| |||| 00| 0 eng d
040
_c
fms
100
_a
Kumar (R)
_9
905463
245
_a
Legal ASPECTS OF BUSINESS
942
_2
CC
_c
TB
_e
6
_n
0
999
_c
1497279
_d
1497279